000 00363cam a2200145ua 4500
041 _aeng
_h
082 _a824
_bPIN/ES
100 _aPinney, Thomas.
245 _aEssays of Geroge Eliot /
_cThomas Pinney.
_hTextual Documents
260 _aLondon :
_bRoutledge & Kegan Paul Ltd ,
_c1965.
300 _a478 ; .
504 _a
942 _cBK
999 _c3963
_d3963